000 00294nam a2200109Ia 4500
008 200302s9999 xx 000 0 und d
100 _aJames H. Banks
245 _aIntroduction to Transportation Engineering
260 _bMcgraw- hill International Book co.,
260 _c1998
300 _a388 P.,
999 _c5417
_d5417